|
|
|
|
| LEADER |
00810ncm a22002292a 4500 |
| 001 |
001121007 |
| 003 |
CZ BrMZK |
| 005 |
20110809130759.0 |
| 007 |
qu |
| 008 |
101011q1915 gw |||||||||||||||||zxx d |
| 040 |
|
|
|a BOA001
|b cze
|
| 072 |
|
7 |
|a 787
|x Hudba pro strunné a smyčcové nástroje
|2 Konspekt
|9 9
|
| 100 |
1 |
|
|a Chausson, Ernest,
|d 1855-1899
|7 js20020318004
|4 cmp
|
| 245 |
1 |
0 |
|a Poeme pour violon et orchestre, op. 25
|h [hudebnina] :
|b arrang. pour violon et piano /
|c Ernest Chausson
|
| 260 |
|
|
|a Leipzig :
|b Breitkopf & Härtel,
|c [asi 1915]
|
| 300 |
|
|
|a 17, 6 s.
|
| 490 |
1 |
|
|a Edition Breitkopf ;
|v Nr. 2507
|
| 830 |
|
0 |
|a Edition Breitkopf
|
| 910 |
|
|
|a BOA001
|b Mus4-0316.299
|
| 990 |
|
|
|a MU
|
| 991 |
|
|
|b 201010
|
| 996 |
6 |
|
|b 2619579173
|c Mus4-0316.299
|l MZK
|r Sklad / do 1 hodiny
|n 0
|w 001149026
|u 000010
|a 1
|e BOA001
|j MZK50
|s P
|